One Piece - Zoan Mythique - Statistiques

Statistiques générales
  • Ce quiz a été pris 79 fois
  • Le résultat moyen est 8 sur 18
Statistiques - réponses
Hint Réponse % Correct
3 Kaido
88%
1 Marco
85%
8 Luffy
83%
7 Yamato
74%
8 Hito Hito no Mi, modèle Nika
64%
2 Sengoku
64%
1 Tori Tori no Mi, modèle Phoenix
52%
3 Uo Uo no Mi, modèle Seiryu
45%
4 Devon
42%
2 Hito Hito no Mi, modèle Daibutsu
42%
6 Orochi
29%
5 Onimaru
23%
7 Inu Inu no Mi, modèle Okuchi no Makami
20%
4 Inu Inu no Mi, modèle Kyubi no Kitsune
18%
9 Uma Uma no Mi, modèle Pégase
12%
9 Stronger
11%
6 Hebi Hebi no Mi, modèle Yamata no Orochi
9%
5 Hito Hito no Mi, modèle Onyudo
9%
Aucun quiz correspondant
Distribution des résultats
% des personnes avec chaque résultat
Percentile par nombre de réponses
Votre historique - résultats
Vous n’avez pas pris ce quiz